000 00630nam a2200193Ia 4500
003 GCL
008 140319s9999 xx 000 0 eng d
040 _aGCL /
_cGCL
082 0 4 _a509.174927
_bR H
100 1 _aMOSELON, REGIS
245 1 0 _aHISTOIRE DES SCIENCE ARABES ( V - 1 ) ASTRONOMIE THEARIQUE ET APPLIQUEE ( V - 2 ) MATHEMATIQUE ET PHYSIQUE( V - 3 ) TECHNOLOGIE ALCHIMIE ET SCIENCES DE LA VIE /
_cMOSELON, REGIS
700 1 _aRASHED, RASHEDI
260 _a[S.N] :
_bSEUIL ،
_c1997
650 0 4 _aTECHNOLOGY
650 0 4 _aMATHEMATICS
650 0 4 _aASTRONOMY
650 0 4 _aSCIENCE - HISTORY - ARABS
942 _2ddc
_cBK
999 _c16283
_d16283